[Event "I C.to di Bologna"]
[Site "Ozzano dell'Emilia ITA"]
[Date "2004.10.17"]
[Round "3"]
[White "Vancini, Edoardo"]
[Black "Govoni, Fausto"]
[Result "1-0"]
[WhiteElo "2288"]
[BlackElo "2280"]
[PlyCount "57"]
[EventDate "2004.10.16"]

1. e4 c5 2. c3 e6 3. d4 d5 4. exd5 exd5 5. Nf3 Nc6 6. Bb5 Bd6 7. dxc5 Bxc5 8.
O-O Nge7 9. Nbd2 O-O 10. Nb3 Bb6 11. Re1 Ng6 12. Be3 Bg4 13. h3 Bxf3 14. Qxf3
Bxe3 15. Qxe3 Qc7 16. Rad1 Rad8 17. Qc5 a6 18. Bf1 Nf4 19. Nd4 Rd6 20. Nf5 Re6
21. Ne3 Rfe8 22. Nc2 b6 23. Qa3 Ne2+ 24. Kh1 a5 25. Qb3 d4 26. Qc4 dxc3 27.
Rxe2 Rxe2 28. Bxe2 cxb2 29. Bf3 1-0

[Event "I C.to di Bologna"]
[Site "Ozzano dell'Emilia ITA"]
[Date "2004.10.24"]
[Round "4"]
[White "Govoni, Fausto"]
[Black "Cocchi, Andrea"]
[Result "0-1"]
[WhiteElo "2280"]
[BlackElo "2284"]
[PlyCount "124"]
[EventDate "2004.10.16"]

1. e4 c6 2. d4 d5 3. e5 c5 4. c3 Nc6 5. dxc5 Nxe5 6. Bf4 Nc6 7. Bb5 Nf6 8. Nf3
Bd7 9. O-O e6 10. b4 Be7 11. Nbd2 O-O 12. h3 Nxb4 13. cxb4 Bxb5 14. Re1 a5 15.
Nd4 Bd7 16. a3 Ne8 17. Qe2 Nc7 18. N2b3 Bf6 19. Rad1 axb4 20. axb4 Re8 21. Bxc7
Qxc7 22. Nb5 Qf4 23. Nd6 Reb8 24. b5 Qb4 25. Qh5 Rf8 26. Re3 Bxb5 27. Nxb5 Qxb5
28. Qg4 Ra4 29. Qg3 g6 30. Rf3 Bg7 31. Rdd3 Qd7 32. Qg5 Rc8 33. Qd2 d4 34. Qf4
e5 35. Qh4 Re8 36. Rd1 e4 37. Re3 Qe6 38. Rg3 f5 39. Nd2 Bf6 40. Qh6 d3 41. Rb1
Ra1 42. Rxa1 Bxa1 43. h4 Bg7 44. Qe3 Qe5 45. Rg5 Bf6 46. h5 Bxg5 47. Qxg5 f4
48. Qg4 Qf5 49. Qd1 e3 50. Nf3 d2 51. fxe3 fxe3 52. h6 Qd5 53. Kh2 Qh5+ 54. Kg1
Qxh6 55. Qb3+ Kh8 56. Qd5 Qg7 57. Nxd2 exd2 58. Qxd2 Qa1+ 59. Kf2 Qf6+ 60. Kg1
Qe5 61. Qd7 Qe1+ 62. Kh2 Qh4+ 0-1

[Event "I C.to di Bologna"]
[Site "Ozzano dell'Emilia ITA"]
[Date "2004.10.24"]
[Round "4"]
[White "Ronchetti, Niccolo'"]
[Black "Di Caro, Calogero"]
[Result "1/2-1/2"]
[WhiteElo "2304"]
[BlackElo "2317"]
[PlyCount "20"]
[EventDate "2004.10.16"]

1. e4 e6 2. d4 d5 3. e5 c5 4. c3 Qb6 5. Nf3 Nc6 6. a3 Nh6 7. b4 cxd4 8. cxd4
Nf5 9. Be3 f6 10. exf6 gxf6 1/2-1/2

[Event "I C.to di Bologna"]
[Site "Ozzano dell'Emilia ITA"]
[Date "2004.10.24"]
[Round "4"]
[White "Scalcione, Michelangelo"]
[Black "Vancini, Edoardo"]
[Result "0-1"]
[WhiteElo "2226"]
[BlackElo "2288"]
[PlyCount "194"]
[EventDate "2004.10.16"]

1. Nf3 e6 2. c4 f5 3. g3 Nf6 4. Bg2 c6 5. O-O d5 6. b3 Bd6 7. Bb2 Qe7 8. d3 e5
9. cxd5 Nxd5 10. e4 fxe4 11. dxe4 Nb6 12. Nxe5 O-O 13. Nd3 N8d7 14. e5 Nxe5 15.
Re1 Bg4 16. Qd2 Rad8 17. Qc3 Qf7 18. Nf4 Ned7 19. Na3 Bxf4 20. gxf4 Nf6 21. Qg3
Bf5 22. Re5 Ng4 23. Re2 Rfe8 24. Rxe8+ Rxe8 25. Bf3 Nf6 26. Be5 Rd8 27. Re1 Rd3
28. Qg2 Qg6 29. Qxg6 Bxg6 30. Be2 Rd2 31. Nc4 Rxa2 32. Nd6 Bc2 33. Bxf6 gxf6
34. Bh5 Nd5 35. Bf7+ Kg7 36. Bxd5 cxd5 37. Re7+ Kg6 38. Rxb7 d4 39. Rb4 d3 40.
f5+ Kg5 41. Rd4 a5 42. h4+ Kh6 43. Ne8 Bxb3 44. Rxd3 Bc2 45. Rd5 Kh5 46. Nxf6+
Kxh4 47. Re5 a4 48. Nxh7 a3 49. f6 Bb3 50. Nf8 Rd2 51. Ng6+ Kg4 52. Ra5 a2 53.
f7 Bxf7 54. Ne5+ Kf4 55. Nxf7 Rd1+ 56. Kg2 a1=Q 57. Rxa1 Rxa1 58. Nd6 Ra4 59.
Nb5 Rc4 60. Kf1 Ke5 61. Ke2 Rc5 62. Na3 Kd4 63. Kd2 Rf5 64. Nc2+ Ke4 65. Ke2
Ra5 66. Nb4 Ra4 67. f3+ Kd4 68. Nc2+ Kc3 69. Ne1 Ra1 70. Ng2 Ra2+ 71. Kf1 Kd3
72. Ne1+ Ke3 73. Ng2+ Kxf3 74. Ne1+ Kg3 75. Nd3 Rd2 76. Ne1 Rf2+ 77. Kg1 Rf5
78. Nd3 Rf6 79. Ne1 Rf2 80. Nd3 Re2 81. Kf1 Ra2 82. Ne1 Kf4 83. Ng2+ Ke4 84.
Ne1 Ke3 85. Ng2+ Kf3 86. Ne1+ Kg3 87. Nd3 Rd2 88. Ne1 Rf2+ 89. Kg1 Rf8 90. Nd3
Kf3 91. Ne1+ Ke2 92. Ng2 Rg8 93. Kh2 Kf3 94. Nh4+ Kf4 95. Ng2+ Kg4 96. Ne1 Re8
97. Ng2 Re2 0-1

[Event "I C.to di Bologna"]
[Site "Ozzano dell'Emilia ITA"]
[Date "2004.10.24"]
[Round "4"]
[White "Tomba, Ivan"]
[Black "Mascellani, Marco"]
[Result "1-0"]
[WhiteElo "2235"]
[BlackElo "2271"]
[PlyCount "105"]
[EventDate "2004.10.16"]

1. e4 d5 2. exd5 Nf6 3. d4 Nxd5 4. c4 Nf6 5. Nf3 Bg4 6. Be2 Nbd7 7. Nc3 e6 8.
Qb3 Qc8 9. Bf4 Be7 10. h3 Bh5 11. Nb5 Bd8 12. d5 O-O 13. dxe6 Nc5 14. exf7+
Bxf7 15. Qe3 Ne6 16. Bh2 a6 17. Nc3 Be7 18. O-O Bc5 19. Qd2 Rd8 20. Qc2 Nd4 21.
Nxd4 Bxd4 22. Rad1 c5 23. Bd3 Bh5 24. Rde1 Qc6 25. Be5 Kh8 26. Bxd4 Rxd4 27.
Nd5 Nxd5 28. cxd5 Qxd5 29. Be4 Rd2 30. Bxd5 Rxc2 31. Bxb7 Rb8 32. Bxa6 Rbxb2
33. a4 c4 34. g4 Bf7 35. Re7 Kg8 36. Rd1 g5 37. Rdd7 Rb1+ 38. Kg2 Rb6 39. Rxf7
Rxa6 40. Rg7+ Kf8 41. Rxh7 Kg8 42. Rdg7+ Kf8 43. Rc7 Kg8 44. Rhg7+ Kh8 45. Rgf7
Kg8 46. Ra7 Rxa7 47. Rxa7 Ra2 48. a5 c3 49. Rc7 c2 50. a6 Rxa6 51. Rxc2 Kg7 52.
Kg3 Kg6 53. Rc3 1-0

[Event "I C.to di Bologna"]
[Site "Ozzano dell'Emilia ITA"]
[Date "2004.10.23"]
[Round "5"]
[White "Cocchi, Andrea"]
[Black "Scalcione, Michelangelo"]
[Result "1/2-1/2"]
[WhiteElo "2284"]
[BlackElo "2226"]
[PlyCount "207"]
[EventDate "2004.10.16"]

1. Nf3 g6 2. e4 Bg7 3. d4 a6 4. Bd3 b5 5. O-O Bb7 6. c3 d6 7. a4 bxa4 8. Qxa4+
Nd7 9. Nbd2 e6 10. Nc4 Ngf6 11. e5 dxe5 12. Nfxe5 O-O 13. Na5 Bc8 14. Nec6 Qe8
15. Bf4 Nd5 16. Bg3 f5 17. f3 g5 18. Qa3 Rf7 19. Rfe1 Bf8 20. Qb3 N7b6 21. c4
Ne7 22. Bxc7 Nxc6 23. Bxb6 Rb8 24. Nxc6 Qxc6 25. c5 Bg7 26. Qc4 h5 27. Rad1 g4
28. fxg4 hxg4 29. Bf1 f4 30. d5 exd5 31. Qxd5 Qxd5 32. Rxd5 Bb7 33. Rd6 f3 34.
gxf3 gxf3 35. Kf2 Rf6 36. Bc4+ Kh8 37. Red1 Rxd6 38. Rxd6 Bxb2 39. Bd5 Bxd5 40.
Rxd5 Rc8 41. Kxf3 Bc3 42. Ke4 Re8+ 43. Kd3 Be5 44. Kc4 Kg7 45. h3 Kf6 46. c6
Ke6 47. Bd8 Bd6 48. c7 Bxc7 49. Bxc7 Rc8 50. Rc5 Rh8 51. Be5 Rh4+ 52. Bd4 Rxh3
53. Ra5 Kd7 54. Rxa6 Rh5 55. Bc5 Rf5 56. Rd6+ Kc7 57. Kb5 Rh5 58. Re6 Rh7 59.
Ra6 Rd7 60. Rc6+ Kb7 61. Re6 Rf7 62. Bd6 Rf5+ 63. Be5 Rf7 64. Kc5 Kc8 65. Rb6
Kd7 66. Kd5 Ke8 67. Bd6 Kd7 68. Rb8 Rf5+ 69. Be5 Rf7 70. Ra8 Re7 71. Bf6 Rf7
72. Ra6 Ke8 73. Ke5 Rb7 74. Ke6 Re7+ 75. Kf5 Rb7 76. Rd6 Kf7 77. Be5 Re7 78.
Rd8 Re8 79. Rd1 Re7 80. Bd6 Rd7 81. Ke5 Rb7 82. Rf1+ Ke8 83. Ke6 Re7+ 84. Kd5
Rf7 85. Ra1 Kd7 86. Ra3 Rf5+ 87. Be5 Rf7 88. Ra6 Re7 89. Bf6 Rf7 90. Ke5 Kc8
91. Ke6 Kb7 92. Ra1 Rc7 93. Be5 Rc5 94. Bd4 Rb5 95. Kd6 Rf5 96. Ra7+ Kb8 97.
Rh7 Rg5 98. Be5 Rg6+ 99. Kc5+ Kc8 100. Bd6 Kd8 101. Rf7 Ke8 102. Rh7 Rg1 103.
Kc6 Rc1+ 104. Bc5 1/2-1/2

[Event "I C.to di Bologna"]
[Site "Ozzano dell'Emilia ITA"]
[Date "2004.10.23"]
[Round "5"]
[White "Di Caro, Calogero"]
[Black "Tomba, Ivan"]
[Result "1-0"]
[WhiteElo "2317"]
[BlackElo "2235"]
[PlyCount "139"]
[EventDate "2004.10.16"]

1. g3 d5 2. Nf3 Nf6 3. Bg2 c5 4. O-O Nc6 5. d4 e6 6. c4 dxc4 7. Qa4 Bd7 8. dxc5
Na5 9. Qc2 Bxc5 10. Ne5 O-O 11. Rd1 Qe7 12. Nxd7 Nxd7 13. Bd2 Nc6 14. Bxc6 bxc6
15. Be1 Rab8 16. Nd2 Ne5 17. Rab1 Rfd8 18. Rdc1 Bd4 19. e3 c3 20. bxc3 Rxb1 21.
Rxb1 Bb6 22. Qe4 Qc5 23. Nf3 Nd3 24. c4 Nxe1 25. Rxe1 Qd6 26. Kg2 g6 27. h4 h5
28. Ng5 c5 29. Qf3 Qe7 30. Rd1 Rxd1 31. Qxd1 Kg7 32. Qd3 Ba5 33. Ne4 Qb7 34.
Kg1 Qc6 35. Qc2 Qb6 36. Qb3 Qc6 37. Qb2+ Kg8 38. Qb8+ Kh7 39. Ng5+ Kg7 40. Qxa7
Bc7 41. a4 Kf6 42. a5 Ke7 43. Ne4 Kd7 44. Nxc5+ Kd6 45. Nb7+ Kd7 46. c5 g5 47.
Nd6 gxh4 48. gxh4 Qf3 49. Qb7 Qg4+ 50. Qg2 Qd1+ 51. Kh2 Bxd6+ 52. cxd6 Qxd6+
53. Qg3 Qb4 54. Qf4 Qxa5 55. Qxf7+ Kd6 56. Qf8+ Kd7 57. Qg7+ Kc6 58. Qg5 Qe1
59. Kg2 Qe2 60. Qf4 Kd7 61. Qf7+ Kd6 62. Qf3 Qc4 63. Qxh5 Qe4+ 64. Kh2 Qc2 65.
Qf3 e5 66. e4 Qd2 67. Qf6+ Kd7 68. Kg3 Qd3+ 69. Qf3 Qd6 70. Qf7+ 1-0

[Event "I C.to di Bologna"]
[Site "Ozzano dell'Emilia ITA"]
[Date "2004.10.23"]
[Round "5"]
[White "Mascellani, Marco"]
[Black "Govoni, Fausto"]
[Result "0-1"]
[WhiteElo "2271"]
[BlackElo "2280"]
[PlyCount "58"]
[EventDate "2004.10.16"]

1. d4 f5 2. g4 fxg4 3. h3 d5 4. hxg4 Bxg4 5. Nc3 Nf6 6. Qd3 Qd7 7. f3 Bf5 8. e4
Bg6 9. Bg5 dxe4 10. fxe4 Qg4 11. Bxf6 exf6 12. Bh3 Qh4+ 13. Kd1 Qg5 14. d5 Nd7
15. Bxd7+ Kxd7 16. Qh3+ f5 17. Nf3 Qf4 18. e5 Be7 19. e6+ Kc8 20. Rf1 Rd8 21.
Nd2 Qg5 22. Qd3 c6 23. a3 Kc7 24. Qd4 Bf6 25. Nb5+ Kb8 26. Nf3 Bh5 27. e7 Bxd4
28. exd8=Q+ Qxd8 29. Nbxd4 Qxd5 0-1

[Event "I C.to di Bologna"]
[Site "Ozzano dell'Emilia ITA"]
[Date "2004.10.23"]
[Round "5"]
[White "Vancini, Edoardo"]
[Black "Ronchetti, Niccolo'"]
[Result "0-1"]
[WhiteElo "2288"]
[BlackElo "2304"]
[PlyCount "74"]
[EventDate "2004.10.16"]

1. e4 c5 2. Nc3 Nc6 3. g3 g6 4. Bg2 Bg7 5. d3 d6 6. Be3 e6 7. Qd2 Qa5 8. h4 h5
9. Nh3 Nf6 10. O-O Bd7 11. a3 Ng4 12. Bf4 Nge5 13. b4 cxb4 14. axb4 Qxb4 15.
Rfb1 Qxc3 16. Qxc3 Nf3+ 17. Bxf3 Bxc3 18. Ra3 Bb4 19. Rab3 e5 20. Bg5 Bxh3 21.
Rxb4 Nxb4 22. Rxb4 b6 23. Bf6 Rg8 24. d4 Kd7 25. Be2 exd4 26. Rxd4 Rgc8 27. e5
Rc5 28. Ba6 Be6 29. Bb7 Rb8 30. Rxd6+ Kc7 31. Be4 a5 32. Bg5 a4 33. Bc1 Rd8 34.
Ba3 Rxd6 35. exd6+ Kxd6 36. f4 Kc7 37. Bxc5 bxc5 0-1

[Event "I C.to di Bologna"]
[Site "Ozzano dell'Emilia ITA"]
[Date "2004.10.24"]
[Round "6"]
[White "Govoni, Fausto"]
[Black "Di Caro, Calogero"]
[Result "0-1"]
[WhiteElo "2280"]
[BlackElo "2317"]
[PlyCount "90"]
[EventDate "2004.10.16"]

1. e4 e6 2. d4 d5 3. e5 c5 4. c3 Nc6 5. Nf3 Qb6 6. a3 Nh6 7. b4 cxd4 8. cxd4
Nf5 9. Bb2 Bd7 10. g4 Nfe7 11. Nc3 Na5 12. Na4 Qc6 13. b5 Qc7 14. Bc3 Nc4 15.
Qb3 Ng6 16. Nd2 Nxd2 17. Kxd2 f6 18. Re1 fxe5 19. dxe5 Be7 20. f4 Nxf4 21. h4
O-O 22. g5 Ng6 23. Bd3 Rf2+ 24. Kd1 Nf4 25. Bb1 Be8 26. h5 Bxh5+ 27. Rxh5 Nxh5
28. Bd4 Rf4 29. Qd3 g6 30. Rh1 Qc4 31. Qxc4 dxc4 32. Be3 Rd8+ 33. Ke1 Rf3 34.
Ke2 Rff8 35. Rxh5 gxh5 36. Bxa7 Bxg5 37. Be3 Bxe3 38. Kxe3 Rd5 39. Nc3 Rxe5+
40. Kd4 Re1 41. Ba2 h4 42. Bxc4 h3 43. Ne4 Rxe4+ 44. Kxe4 h2 45. Bxe6+ Kh8 0-1

[Event "I C.to di Bologna"]
[Site "Ozzano dell'Emilia ITA"]
[Date "2004.10.24"]
[Round "6"]
[White "Ronchetti, Niccolo'"]
[Black "Tomba, Ivan"]
[Result "1/2-1/2"]
[WhiteElo "2304"]
[BlackElo "2235"]
[PlyCount "21"]
[EventDate "2004.10.16"]

1. e4 c5 2. Nf3 d6 3. d4 cxd4 4. Nxd4 Nf6 5. Nc3 a6 6. Bc4 e6 7. Bb3 Nc6 8. Be3
Qc7 9. Qe2 Na5 10. g4 b5 11. g5 1/2-1/2

[Event "I C.to di Bologna"]
[Site "Ozzano dell'Emilia ITA"]
[Date "2004.10.24"]
[Round "6"]
[White "Scalcione, Michelangelo"]
[Black "Mascellani, Marco"]
[Result "0-1"]
[WhiteElo "2226"]
[BlackElo "2271"]
[PlyCount "114"]
[EventDate "2004.10.16"]

1. Nf3 d5 2. d4 Nf6 3. c4 c6 4. Nc3 Nbd7 5. cxd5 cxd5 6. Qb3 e6 7. Bf4 Nh5 8.
Bg5 Be7 9. Bxe7 Qxe7 10. e3 a6 11. Rc1 O-O 12. Bd3 Nhf6 13. O-O b6 14. Na4 Qd6
15. Rc2 b5 16. Nc5 e5 17. Nxd7 Nxd7 18. Bf5 exd4 19. Bxd7 Bxd7 20. Nxd4 Rac8
21. Rd2 Rc4 22. Qd1 Qf6 23. b3 Rc5 24. Ne2 Bg4 25. f3 Be6 26. Nf4 Qc3 27. Nd3
Rc7 28. Qe2 Rfc8 29. Rfd1 g5 30. Rc1 Qf6 31. Rcd1 Qc3 32. Qe1 a5 33. Qg3 Qg7
34. b4 Rc4 35. bxa5 Ra4 36. e4 h6 37. exd5 Bxd5 38. Ne5 Bxa2 39. Rd8+ Rxd8 40.
Rxd8+ Kh7 41. Rd6 Be6 42. h3 Qf6 43. Qe1 Kg7 44. Rb6 b4 45. Ng4 Qd4+ 46. Qe3
Qd5 47. Kh2 Rxa5 48. Qe1 Bxg4 49. hxg4 Rb5 50. Qa1+ Kh7 51. Qb1+ Kg8 52. Rxh6
Qe5+ 53. Kh3 Qg7 54. Rh5 b3 55. f4 b2 56. f5 Qc3+ 57. g3 Rb3 0-1

[Event "I C.to di Bologna"]
[Site "Ozzano dell'Emilia ITA"]
[Date "2004.10.24"]
[Round "6"]
[White "Vancini, Edoardo"]
[Black "Cocchi, Andrea"]
[Result "1-0"]
[WhiteElo "2288"]
[BlackElo "2284"]
[PlyCount "103"]
[EventDate "2004.10.16"]

1. e4 c6 2. d4 d5 3. f3 e6 4. Nc3 Nf6 5. e5 Nfd7 6. f4 c5 7. Nf3 Nc6 8. Ne2
cxd4 9. Nexd4 Be7 10. c3 Nc5 11. Be2 Bd7 12. O-O O-O 13. Be3 a6 14. Nb3 Na4 15.
Qc2 Na5 16. Rad1 Bb5 17. Nbd4 Bxe2 18. Qxe2 Nc4 19. Bc1 Nc5 20. f5 exf5 21.
Nxf5 Re8 22. Nxe7+ Rxe7 23. Qf2 Ne4 24. Qd4 Qb6 25. Qxb6 Nxb6 26. Rd4 Rc8 27.
Rfd1 Rce8 28. Rb4 Nc4 29. Rxd5 b5 30. a4 Nb6 31. Rd1 Nc5 32. axb5 a5 33. Rg4
Kf8 34. b3 Rc7 35. Ba3 Kg8 36. Bxc5 Rxc5 37. c4 a4 38. bxa4 Nxa4 39. Rd5 Rc7
40. Rd6 Rb8 41. Rgd4 Kf8 42. Ng5 Nb6 43. Nxh7+ Ke7 44. Rc6 Rxc6 45. bxc6 Ke6
46. c7 Rc8 47. Rd6+ Kxe5 48. Rxb6 f6 49. Nf8 Rxc7 50. c5 Kd5 51. Rd6+ Kxc5 52.
Rd7 1-0

[Event "I C.to di Bologna"]
[Site "Ozzano dell'Emilia ITA"]
[Date "2004.10.20"]
[Round "7"]
[White "Cocchi, Andrea"]
[Black "Ronchetti, Niccolo'"]
[Result "1/2-1/2"]
[WhiteElo "2284"]
[BlackElo "2304"]
[PlyCount "46"]
[EventDate "2004.10.16"]

1. Nf3 d5 2. d4 Nf6 3. c4 c6 4. e3 Bg4 5. Qb3 Qb6 6. Ne5 Bf5 7. c5 Qc7 8. Bd3
Bxd3 9. Qxd3 Ne4 10. Qc2 f6 11. Nd3 e5 12. f3 Ng5 13. dxe5 fxe5 14. e4 Ne6 15.
b4 Nd4 16. Qf2 dxe4 17. fxe4 Be7 18. O-O Rf8 19. Qb2 Rxf1+ 20. Kxf1 Nd7 21. Be3
O-O-O 22. Nd2 Nf6 23. Nf2 Qd7 1/2-1/2

[Event "I C.to di Bologna"]
[Site "Ozzano dell'Emilia ITA"]
[Date "2004.10.20"]
[Round "7"]
[White "Di Caro, Calogero"]
[Black "Scalcione, Michelangelo"]
[Result "1/2-1/2"]
[WhiteElo "2317"]
[BlackElo "2226"]
[PlyCount "81"]
[EventDate "2004.10.16"]

1. Nf3 g6 2. c4 Bg7 3. d4 d6 4. e4 Bg4 5. Be2 Nc6 6. Be3 e5 7. d5 Bxf3 8. Bxf3
Nd4 9. Bxd4 exd4 10. Nd2 Ne7 11. O-O c5 12. Be2 O-O 13. Bd3 g5 14. Qh5 Ng6 15.
e5 dxe5 16. Nf3 h6 17. Bxg6 fxg6 18. Qxg6 Qe8 19. Qxe8 Raxe8 20. Nd2 e4 21.
Rae1 e3 22. fxe3 dxe3 23. Rxf8+ Kxf8 24. Nb3 b6 25. Re2 Bxb2 26. Kf1 Bc3 27.
Rc2 Be5 28. h3 Bg3 29. Ke2 Re7 30. a4 Ke8 31. a5 Kd7 32. axb6 axb6 33. Ra2 Bc7
34. Kd3 Kd6 35. Nc1 Re8 36. Ne2 Ke5 37. Ra7 Bd6 38. Nc3 Kf4 39. Ne2+ Ke5 40.
Nc3 Kf4 41. Ne2+ 1/2-1/2

[Event "I C.to di Bologna"]
[Site "Ozzano dell'Emilia ITA"]
[Date "2004.10.20"]
[Round "7"]
[White "Mascellani, Marco"]
[Black "Vancini, Edoardo"]
[Result "1/2-1/2"]
[WhiteElo "2271"]
[BlackElo "2288"]
[PlyCount "73"]
[EventDate "2004.10.16"]

1. Nf3 c5 2. e4 e6 3. Nc3 Nc6 4. d3 d5 5. Bf4 d4 6. Nb1 Nge7 7. g4 Ng6 8. Bg3
Bd6 9. Nbd2 Bf4 10. e5 Qd5 11. Bg2 Ncxe5 12. Kf1 Nxf3 13. Bxf3 Qd8 14. Ne4 Qe7
15. g5 Bd7 16. Bh5 O-O 17. Kg2 Bc6 18. Bxg6 fxg6 19. h4 Bxe4+ 20. dxe4 Bxg3 21.
fxg3 Qc7 22. Qe2 Qe5 23. Raf1 c4 24. Rxf8+ Rxf8 25. Rf1 Rd8 26. Qxc4 Qxe4+ 27.
Kh3 Qd5 28. Qc7 Qd7 29. Qe5 Qd6 30. Qa5 a6 31. Re1 Rf8 32. Qe5 Qxe5 33. Rxe5
Kf7 34. Rc5 Re8 35. Kg2 e5 36. Kf3 Ke6 37. Ke4 1/2-1/2

[Event "I C.to di Bologna"]
[Site "Ozzano dell'Emilia ITA"]
[Date "2004.10.20"]
[Round "7"]
[White "Tomba, Ivan"]
[Black "Govoni, Fausto"]
[Result "1/2-1/2"]
[WhiteElo "2235"]
[BlackElo "2280"]
[PlyCount "49"]
[EventDate "2004.10.16"]

1. e4 c5 2. Nf3 d6 3. d4 cxd4 4. Nxd4 Nf6 5. Nc3 g6 6. Be3 Bg7 7. f3 Nc6 8. Qd2
O-O 9. O-O-O Nxd4 10. Bxd4 Be6 11. Kb1 Qc7 12. g4 Rfc8 13. h4 Qa5 14. a3 Rab8
15. h5 b5 16. Bxf6 Bxf6 17. Nd5 b4 18. Nxf6+ exf6 19. hxg6 fxg6 20. Qxd6 Rb6
21. Qe7 bxa3 22. Rd8+ Rxd8 23. Qxd8+ Kg7 24. Qe7+ Kg8 25. Qe8+ 1/2-1/2

[Event "XXXVI Olimpiadi femminile"]
[Site "Calvia' ESP"]
[Date "2004.10.15"]
[Round "1.1"]
[White "Ambrosi, Eleonora"]
[Black "Munoz, Carolina"]
[Result "0-1"]
[WhiteElo "2099"]
[BlackElo "2091"]
[Annotator "ITA-CRC"]
[PlyCount "66"]
[EventDate "2004.10.15"]

1. d4 Nf6 2. Nc3 e6 3. e4 c5 4. Nf3 cxd4 5. Nxd4 Nc6 6. Be3 Bb4 7. Bd3 d5 8.
Nxc6 bxc6 9. exd5 cxd5 10. Bd4 O-O 11. O-O Re8 12. Re1 Bb7 13. Bb5 Rf8 14. Re3
a6 15. Bd3 Bd6 16. Na4 Re8 17. Bb6 Qb8 18. Bc5 Bxh2+ 19. Kh1 Bf4 20. Rh3 Qc7
21. Ba3 e5 22. Be2 d4 23. Nc5 Ne4 24. Nxe4 Bxe4 25. Bd3 Qc6 26. f3 Bxd3 27.
Qxd3 h6 28. Re1 Rac8 29. Re2 Qe6 30. Re1 Qxa2 31. g3 Qe6 32. Qf1 Bd2 33. Rd1
Be3 0-1

[Event "XXXVI Olimpiadi femminile"]
[Site "Calvia' ESP"]
[Date "2004.10.16"]
[Round "2.1"]
[White "Sedina, Elena"]
[Black "Peptan, Corina-Isabela"]
[Result "1/2-1/2"]
[WhiteElo "2431"]
[BlackElo "2429"]
[Annotator "ITA-ROU"]
[PlyCount "140"]
[EventDate "2004.10.15"]

1. e4 c5 2. Nf3 g6 3. c3 d5 4. exd5 Qxd5 5. d4 Nf6 6. Qb3 Qxb3 7. axb3 cxd4 8.
Nxd4 Bd7 9. Nb5 Bxb5 10. Bxb5+ Nbd7 11. O-O Bg7 12. Rd1 a6 13. Be3 O-O-O 14.
Be2 e6 15. Na3 Nd5 16. Bg5 f6 17. Bh4 Nc5 18. b4 Nb3 19. Rab1 Nf4 20. Bc4 Nd2
21. Ra1 e5 22. Bf1 Rd6 23. Nc4 Nxc4 24. Bxc4 Rhd8 25. Rxd6 Rxd6 26. Bg3 Nh5 27.
Kf1 f5 28. Be2 Nxg3+ 29. hxg3 Rd2 30. Rb1 e4 31. Ke1 Bh6 32. g4 Kc7 33. gxf5
gxf5 34. g4 fxg4 35. Bxg4 e3 36. Be2 Bg5 37. fxe3 Bxe3 38. Rd1 Rxb2 39. Rd3 Bf4
40. Rf3 Be5 41. Re3 Bf6 42. Rf3 Be5 43. Re3 Kd6 44. Rd3+ Ke7 45. Rh3 h6 46. Kd1
Bf4 47. Rf3 Bg5 48. Rd3 b6 49. Rd5 Ra2 50. c4 a5 51. bxa5 bxa5 52. c5 a4 53.
Bc4 Ra1+ 54. Ke2 Rc1 55. Rd4 Bf6 56. Re4+ Kd8 57. Bd3 a3 58. Ra4 Bb2 59. Ra5 h5
60. Be4 h4 61. Kf3 Rc3+ 62. Kg4 Rc1 63. Kf5 Rf1+ 64. Ke6 Rf6+ 65. Kd5 Ke7 66.
Kc4 h3 67. Ra7+ Kd8 68. Ra8+ Kc7 69. Ra7+ Kc8 70. Ra8+ Kc7 1/2-1/2

[Event "XXXVI Olimpiadi femminile"]
[Site "Calvia' ESP"]
[Date "2004.10.16"]
[Round "2.2"]
[White "Olarasu, Gabriela"]
[Black "Costantini, Laura"]
[Result "1-0"]
[WhiteElo "2325"]
[BlackElo "2068"]
[Annotator "ITA-ROU"]
[PlyCount "59"]
[EventDate "2004.10.15"]

1. d4 Nf6 2. Nf3 g6 3. g3 Bg7 4. Bg2 O-O 5. O-O d5 6. c4 c6 7. Qc2 Bf5 8. Qb3
Qb6 9. Nc3 dxc4 10. Qxc4 Ne4 11. e3 Na6 12. Nd2 Nxd2 13. Bxd2 Qxb2 14. Qe2 Rad8
15. Rab1 Bxb1 16. Rxb1 Qa3 17. Rb3 Qd6 18. Rxb7 Nb8 19. Rxa7 Bxd4 20. Ne4 Bxa7
21. Nxd6 Rxd6 22. Ba5 c5 23. Bf3 Bb6 24. Bc3 Rfd8 25. Qc4 Nc6 26. Qb5 Na7 27.
Qb3 Rc8 28. Bd5 e6 29. Bc4 Rb8 30. Bb2 1-0

[Event "XXXVI Olimpiadi femminile"]
[Site "Calvia' ESP"]
[Date "2004.10.16"]
[Round "2.3"]
[White "De Rosa, Mariagrazia"]
[Black "Motoc, Alina"]
[Result "1-0"]
[WhiteElo "2110"]
[BlackElo "2359"]
[Annotator "ITA-ROU"]
[PlyCount "47"]
[EventDate "2004.10.15"]

1. e4 c5 2. Nf3 d6 3. d4 cxd4 4. Nxd4 Nf6 5. Nc3 a6 6. Bg5 e6 7. f4 Qc7 8. Qf3
b5 9. O-O-O b4 10. Nb1 Nbd7 11. Nd2 Bb7 12. Bxf6 gxf6 13. Qh5 Qc5 14. f5 Qxd4
15. fxe6 Ne5 16. Nc4 Qc5 17. Nxe5 O-O-O 18. Qh3 Bh6+ 19. Kb1 Qxe5 20. exf7+ f5
21. Qxh6 fxe4 22. Be2 a5 23. Rhf1 Kc7 24. f8=Q 1-0

[Event "XXXVI Olimpiadi femminile"]
[Site "Calvia' ESP"]
[Date "2004.10.17"]
[Round "3.1"]
[White "Medic, Mirjana"]
[Black "Sedina, Elena"]
[Result "1/2-1/2"]
[WhiteElo "2237"]
[BlackElo "2431"]
[Annotator "ITA-CRO"]
[PlyCount "34"]
[EventDate "2004.10.15"]

1. d4 Nf6 2. Nf3 d5 3. c4 c6 4. cxd5 cxd5 5. Nc3 Nc6 6. Bf4 a6 7. e3 Bg4 8. Be2
e6 9. Ne5 Bxe2 10. Qxe2 Rc8 11. O-O Bd6 12. Nd3 Bxf4 13. Nxf4 O-O 14. Rfc1 Na5
15. Na4 Nc4 16. b3 Nd6 17. Nd3 Qa5 1/2-1/2

[Event "XXXVI Olimpiadi femminile"]
[Site "Calvia' ESP"]
[Date "2004.10.17"]
[Round "3.2"]
[White "Ambrosi, Eleonora"]
[Black "Jelica, Mara"]
[Result "1-0"]
[WhiteElo "2099"]
[BlackElo "2252"]
[Annotator "ITA-CRO"]
[PlyCount "110"]
[EventDate "2004.10.15"]

1. e4 c5 2. Nf3 d6 3. c3 Nf6 4. Be2 Nbd7 5. d3 g6 6. O-O Bg7 7. Re1 O-O 8. Bf1
Ne5 9. Nbd2 b6 10. d4 Nxf3+ 11. Nxf3 cxd4 12. cxd4 Bb7 13. Bd3 e5 14. dxe5 dxe5
15. Qb3 Qd6 16. Bd2 a5 17. Rad1 Nd7 18. Be3 a4 19. Qc2 Nf6 20. Nd2 Rfc8 21. Nc4
Qe6 22. Qe2 Nd7 23. Na3 Bf8 24. Bc4 Qe7 25. Nb5 Ba6 26. Nd6 Bxc4 27. Nxc8 Qb4
28. Qd2 Rxc8 29. Qxd7 Be6 30. Qd2 Bxa2 31. Qxb4 Bxb4 32. Rc1 Bc4 33. Red1 b5
34. Rd7 Re8 35. Bh6 Bc5 36. Be3 Be7 37. Rcd1 Be6 38. Rb7 b4 39. Bh6 Bc5 40. Rb5
Bb3 41. Rd2 Be7 42. Rxe5 f6 43. Rb5 Bc4 44. Ra5 a3 45. bxa3 bxa3 46. Ra7 Kf7
47. Be3 Ke6 48. f4 Bb4 49. Rc2 Rc8 50. Ra4 Bb3 51. Rxc8 Bxa4 52. Rc4 a2 53. Bd4
Bd2 54. Rxa4 Bxf4 55. Rxa2 f5 1-0

[Event "XXXVI Olimpiadi femminile"]
[Site "Calvia' ESP"]
[Date "2004.10.17"]
[Round "3.3"]
[White "Sargac, Rajna"]
[Black "De Rosa, Mariagrazia"]
[Result "1-0"]
[WhiteElo "2241"]
[BlackElo "2110"]
[Annotator "ITA-CRO"]
[PlyCount "59"]
[EventDate "2004.10.15"]

1. d4 Nf6 2. Nf3 d5 3. c4 g6 4. cxd5 Nxd5 5. Nc3 Bg7 6. e4 Nxc3 7. bxc3 O-O 8.
Be2 c5 9. O-O Nc6 10. d5 Ne5 11. Nxe5 Bxe5 12. Bh6 Re8 13. Rc1 Qa5 14. Qd2 e6
15. f4 Bd4+ 16. Kh1 exd5 17. f5 Be5 18. Qxd5 Qc7 19. Rcd1 Qe7 20. fxg6 hxg6 21.
Bb5 Bg4 22. Bxe8 Rxe8 23. Rb1 b6 24. Bg5 Qc7 25. Bf6 Bxh2 26. Qg5 Be5 27. Qxg4
Bxf6 28. Rxf6 Kg7 29. Rf3 Rh8+ 30. Rh3 1-0

[Event "XXXVI Olimpiadi femminile"]
[Site "Calvia' ESP"]
[Date "2004.10.18"]
[Round "4.1"]
[White "Lujan, Carolina Maria"]
[Black "Ambrosi, Eleonora"]
[Result "1-0"]
[WhiteElo "2325"]
[BlackElo "2099"]
[Annotator "ITA-ARG"]
[PlyCount "47"]
[EventDate "2004.10.15"]

1. e4 c5 2. Nf3 Nc6 3. d4 cxd4 4. Nxd4 Qc7 5. Nc3 e6 6. g3 a6 7. Bg2 Nf6 8. O-O
Bc5 9. Nxc6 dxc6 10. Na4 Ba7 11. c4 b5 12. e5 Nd7 13. cxb5 axb5 14. Nc3 Bb7 15.
Bf4 O-O 16. Rc1 Ba6 17. Re1 Nc5 18. Ne4 Nxe4 19. Bxe4 c5 20. Qh5 g6 21. Qh4 c4
22. Bh6 Qd8 23. Qf4 Re8 24. Bxa8 1-0